000 00562nam a2200229 a 4500
001 nice12345678
003 IN_TiNIC
005 20260116015026.0
008 140108s2009 oxfa grp 000 0 eng
020 _a9781870345767
_c0
082 0 0 _a266
_bKER
100 _aKerr, David A
245 _aEdinburgh 2010
_b Mission Then and Now
260 _aOxford, UK
_bRegnum Books
_c2009
300 _a343p
500 _aincludes index and biblioraphy
650 _aMissions
700 1 _aKerr, David A
902 _bSRS
942 _cBK
999 _c17998
_d17998